=LDR 00000nam 2200000 4500 =001 INLIS000000000027510 =005 20130612125859 =008 ***********************************Ind** =035 ##$$0010-061300000027510 =041 ##$$a Ind =082 ##$$a 621.381528 =090 ##$$a 621.381528, Sut m =100 ##$$a Sutarno =245 ##$$a Merakit pesawat penerima transistor, Sutarno,Soedjono =260 ##$$a 1994 $b Jakarta =300 ##$$a 51 hlm, ilus, 20 cm =650 ##$$a Transistor =700 ##$$a Soejono =850 ##$$a NBPNMAT